<?xml version="1.0" encoding="UTF-8"?><?xml-stylesheet type="text/xsl" href="static/style.xsl"?><OAI-PMH xmlns="http://www.openarchives.org/OAI/2.0/" xmlns:xsi="http://www.w3.org/2001/XMLSchema-instance" xsi:schemaLocation="http://www.openarchives.org/OAI/2.0/ http://www.openarchives.org/OAI/2.0/OAI-PMH.xsd"><responseDate>2026-04-29T17:03:10Z</responseDate><request verb="GetRecord" identifier="oai:repisalud.isciii.es:20.500.12105/10000" metadataPrefix="marc">https://repisalud.isciii.es/rest/oai/request</request><GetRecord><record><header><identifier>oai:repisalud.isciii.es:20.500.12105/10000</identifier><datestamp>2024-09-27T09:46:49Z</datestamp><setSpec>com_20.500.12105_19604</setSpec><setSpec>com_20.500.12105_2051</setSpec><setSpec>col_20.500.12105_19605</setSpec></header><metadata><record xmlns="http://www.loc.gov/MARC21/slim" xmlns:dcterms="http://purl.org/dc/terms/" xmlns:doc="http://www.lyncode.com/xoai" xmlns:xsi="http://www.w3.org/2001/XMLSchema-instance" xsi:schemaLocation="http://www.loc.gov/MARC21/slim http://www.loc.gov/standards/marcxml/schema/MARC21slim.xsd">
   <leader>00925njm 22002777a 4500</leader>
   <datafield ind2=" " ind1=" " tag="042">
      <subfield code="a">dc</subfield>
   </datafield>
   <datafield ind2=" " ind1=" " tag="720">
      <subfield code="a">Mazzanti, Andrea</subfield>
      <subfield code="e">author</subfield>
   </datafield>
   <datafield ind2=" " ind1=" " tag="720">
      <subfield code="a">Underwood, Katherine</subfield>
      <subfield code="e">author</subfield>
   </datafield>
   <datafield ind2=" " ind1=" " tag="720">
      <subfield code="a">Nevelev, Dmitriy</subfield>
      <subfield code="e">author</subfield>
   </datafield>
   <datafield ind2=" " ind1=" " tag="720">
      <subfield code="a">Kofman, Shanna</subfield>
      <subfield code="e">author</subfield>
   </datafield>
   <datafield ind2=" " ind1=" " tag="720">
      <subfield code="a">Priori, Silvia G.</subfield>
      <subfield code="e">author</subfield>
   </datafield>
   <datafield ind2=" " ind1=" " tag="260">
      <subfield code="c">2017-10</subfield>
   </datafield>
   <datafield ind2=" " ind1=" " tag="520">
      <subfield code="a">Short QT syndrome (SQTS) is one of the rarest inheritable cardiac channelopathies, characterized by an accelerated cardiac repolarization, which is also the substrate for the development of life-threatening ventricular arrhythmias. Up to this date, fewer than 200 SQTS cases have been reported in the literature worldwide. Patients with SQTS may experience a cardiac arrest as early as in the neonatal period or as late as 80 years old. The cumulative probability of experiencing a cardiac arrest by the fifth decade of life approaches 40%, highlighting the importance of early recognition and management. SQTS is an autosomal dominant disease with five identified causative genes, including three that encode for potassium channels (KCNH2, KCNQ1, and KCNJ2) and two that encode for subunits of the L-type calcium channels (CACNA1C and CACNB2). The term "early repolarization" (ER) has long been used to refer to a heterogeneous group of specific QRS-T junction patterns that are commonly found on the electrocardiograms of young healthy subjects. In the last decade, it has been suggested that in some individuals, the presence of ER may be associated with an increased risk of sudden cardiac death, and thus the term "early repolarization syndrome" (ERS) has progressively entered into use. Up to this point, however, whether ER constitutes a true primary arrhythmic disorder or whether it is simply a predisposing substrate that facilitates arrhythmias in the presence of other triggers remains an unresolved issue. In this review paper, we aim to integrate the current literature on SQTS and ERS. For each, we will describe the key steps that first led to the identification of the syndrome before moving into a discussion of our current understanding of each entity, including the epidemiology, genetics, diagnosis, clinical manifestations, and management.</subfield>
   </datafield>
   <datafield ind1="8" ind2=" " tag="024">
      <subfield code="a">J Cardiovasc Electrophysiol. 2017; 28(10):1226-36</subfield>
   </datafield>
   <datafield ind1="8" ind2=" " tag="024">
      <subfield code="a">10.1111/jce.13265</subfield>
   </datafield>
   <datafield ind1="8" ind2=" " tag="024">
      <subfield code="a">1540-8167</subfield>
   </datafield>
   <datafield ind1="8" ind2=" " tag="024">
      <subfield code="a">1045-3873</subfield>
   </datafield>
   <datafield ind1="8" ind2=" " tag="024">
      <subfield code="a">Journal of cardiovascular electrophysiology</subfield>
   </datafield>
   <datafield ind1="8" ind2=" " tag="024">
      <subfield code="a">28569435</subfield>
   </datafield>
   <datafield ind1="8" ind2=" " tag="024">
      <subfield code="a">http://hdl.handle.net/20.500.12105/10000</subfield>
   </datafield>
   <datafield tag="653" ind2=" " ind1=" ">
      <subfield code="a">Early repolarization</subfield>
   </datafield>
   <datafield tag="653" ind2=" " ind1=" ">
      <subfield code="a">Short QT syndrome</subfield>
   </datafield>
   <datafield tag="653" ind2=" " ind1=" ">
      <subfield code="a">Sudden cardiac death</subfield>
   </datafield>
   <datafield ind2="0" ind1="0" tag="245">
      <subfield code="a">The new kids on the block of arrhythmogenic disorders: Short QT syndrome and early repolarization</subfield>
   </datafield>
</record></metadata></record></GetRecord></OAI-PMH>